Loading...
| Literature - World | 0 | 2 | 0 | 0 | 20 | 92 | 106.50 | 0 | 0 | 5.88 | 9.72 |
| Philosophy | 0 | 2 | 0 | 1 | 20 | 80 | 106.00 | 0 | 0 | 4.44 | 8.33 |
| Literature - American | 0 | 2 | 0 | 2 | 20 | 118 | 130.00 | 0 | 0 | 2.08 | 6.94 |
| Literature - British | 0 | 2 | 0 | 0 | 20 | 123 | 129.00 | 0 | 0 | 1.61 | 5.56 |
| Fine Arts - Other | 1 | 0 | 0 | 0 | 15 | 44 | 44.00 | 0 | 1 | 6.75 | 8.33 |
| Social Science | 1 | 0 | 0 | 0 | 15 | 15 | 15.00 | 1 | 1 | 9.85 | 11.11 |
| Mythology | 0 | 1 | 0 | 1 | 10 | 129 | 129.00 | 0 | 0 | 0.09 | 1.39 |
| History - World | 0 | 1 | 1 | 1 | 5 | 118 | 118.00 | 0 | 0 | 0.19 | 4.17 |
| Science - Other | 0 | 1 | 1 | 0 | 5 | 121 | 121.00 | 0 | 0 | 0.30 | 4.69 |
| Literature - European | 0 | 1 | 1 | 0 | 5 | 92 | 92.00 | 0 | 0 | 4.01 | 2.78 |
| Religion | 0 | 0 | 1 | 0 | -5 | 0.00 | 0 | 0 | 0.00 | 0.00 | |
| Science - Chemistry | 0 | 0 | 1 | 0 | -5 | 0.00 | 0 | 0 | 0.00 | 0.00 |